• 首页
  • 本馆介绍
  • 公告通知
  • 最新文献
  • 馆藏检索
  • 电子资源
  • 读者导购
  • 参考咨询
  • 我的图书馆
  • 登录
  • 详细信息显示
  • 放入我的书架
  • 预约/预借图书
  • 作者相关作品
  • 分类相关作品
  • 丛书相关作品
  • 出版社相关作品

书目信息

  • 表格格式
  • 工作单格式
  • 卡片格式
题名:
保卫察里津
    
 
作者: 托尔斯泰 著 ;曹靖华 译
分册:  
出版信息: 北京   人民文学出版社  1981
页数: 327页
开本: 19cm
丛书名:
单 册:
中图分类: I512.4 , I512.45
科图分类:
主题词: 长篇小说--苏联--现代 , 文学
电子资源:
ISBN:
000 00730nam0 2200277 45
001 0181008235
005 20060913083827.62
010    @dCNY0.77
091    @a10019.11
100    @a19950427d1981 em y0chiy0121 ea
101 1  @achi@crus
102    @aCN@b110000
105    @ay z 000ad
200 10 @a保卫察里津@Abao wei cha li jin@f(苏)阿.托尔斯泰著@g曹靖华译
205    @a2版
210    @a北京@c人民文学出版社@d1981
215    @a327页@d19cm
606    @a长篇小说@y苏联@z现代
606 0  @a文学
690    @aI512.4
690    @aI512.45@v3
701  1 @a托尔斯泰@Atuo er si tai@b阿@4著
702  0 @a曹靖华@Acao jing hua@4译
801  0 @aCN@b上海图书馆@c20060913
801  2 @aCN@bNLC@c20060718
905    @dI512.4@e475
    
    保卫察里津/(苏)阿.托尔斯泰著/曹靖华译.-2版.-北京:人民文学出版社,1981
    327页;19cm
    
    
    ISBN :CNY0.77
    
●
相关链接 在E读中查询图书 在五车中查询图书 在当当中查询图书 在豆瓣中查询图书


正题名:保卫察里津     索取号:I512.4/475         预约/预借

序号 登录号 条形码 馆藏地/架位号 状态 备注
1 0042885   000651057   第一样本阅览室/ [索取号:I512.4/475] 在馆    
2 0042886   000651048   第二借阅区/ [索取号:I512.4/475] 在馆    
3 0042888   000651066   第二借阅区/ [索取号:I512.4/475] 在馆    
4 0042889   000651075   第二借阅区/ [索取号:I512.4/475] 在馆    
5 0427304   204273044   密集书库/ [索取号:I512.4/475] 在馆    
6 0427305   204273053   密集书库/ [索取号:I512.4/475] 在馆    
7 0427306   204273062   密集书库/ [索取号:I512.4/475] 在馆    
8 0427307   204273071   密集书库/ [索取号:I512.4/475] 在馆    
9 0474860   204748602   密集书库/ [索取号:I512.4/475] 在馆    
唐山师范学院图书馆 欢迎您!
大连网信软件有限公司© 版权所有